|
|
|
|
| LEADER |
01201nam a2200277 i 4500 |
| 001 |
c000064663 |
| 003 |
CARM |
| 005 |
00000000000000.0 |
| 008 |
790219s1978 at a b 00010 eng d |
| 019 |
1 |
|
|a 21829795
|z 1663560
|5 LACONCORD2021
|
| 020 |
|
|
|a 0959567607 :
|c unpriced
|
| 035 |
|
|
|a (OCoLC)27618015
|5 LACONCORD2021
|
| 042 |
|
|
|a anuc
|
| 100 |
1 |
|
|a Goodsir, Warwick W.
|
| 245 |
1 |
4 |
|a The promotion of adult education :
|b theory and practice of adult education /
|c [by] Warwick W. Goodsir.
|
| 260 |
|
|
|a [Haymarket, N.S.W.] :
|b W. Goodsir,
|c 1978.
|
| 300 |
|
|
|a 26,[17] leaves :
|b ill., diagrs., graphs ;
|c 34cm.
|
| 500 |
|
|
|a Adult education. Promotion (ANB/PRECIS SIN 0273155)
|
| 500 |
|
|
|a At head of title: M.A. Seminar, University of Sydney.
|
| 500 |
|
|
|a Available from Mr W. Goodsir, C/- Dept of Technical and Further Education, P.O. Box K638, Haymarket, N.S.W. 2000.
|
| 504 |
|
|
|a Bibliography: leaf [27].
|
| 650 |
|
0 |
|a Adult education.
|
| 852 |
8 |
|
|b CARM
|h A2:AF10D0
|i E00281
|p 0037723
|f BK
|
| 082 |
0 |
4 |
|a 374
|
| 999 |
f |
f |
|i b7cb592a-aec4-5e2a-8195-0aa0c08dce9f
|s 4a09f4e7-d0ab-5d42-a0ff-be085d92d9bd
|
| 952 |
f |
f |
|p Can circulate
|a CAVAL
|b CAVAL
|c CAVAL
|d CARM 1 Store
|e E00281
|f A2:AF10D0
|h Other scheme
|i book
|m 0037723
|